<?xml version="1.0" encoding="UTF-8"?>
<record
    xmlns:xsi="http://www.w3.org/2001/XMLSchema-instance"
    xsi:schemaLocation="http://www.loc.gov/MARC21/slim http://www.loc.gov/standards/marcxml/schema/MARC21slim.xsd"
    xmlns="http://www.loc.gov/MARC21/slim">

  <leader>02231cam a2200349 i 4500</leader>
  <controlfield tag="003">SA-RiAUC</controlfield>
  <controlfield tag="005">20240920175202.0</controlfield>
  <controlfield tag="008">240915s1914    ua     g      000r0 ara c</controlfield>
  <datafield tag="040" ind1=" " ind2=" ">
    <subfield code="a">SA-RiAUC</subfield>
    <subfield code="b">ara</subfield>
    <subfield code="c">SA-RiAUC</subfield>
    <subfield code="e">rda</subfield>
  </datafield>
  <datafield tag="082" ind1="0" ind2="4">
    <subfield code="a">258.1</subfield>
  </datafield>
  <datafield tag="090" ind1=" " ind2=" ">
    <subfield code="a">258.1</subfield>
    <subfield code="b">&#x643; &#x648; &#x627;</subfield>
  </datafield>
  <datafield tag="100" ind1="1" ind2=" ">
    <subfield code="a">&#x627;&#x644;&#x643;&#x648;&#x627;&#x643;&#x628;&#x64A;&#x60C; &#x645;&#x62D;&#x645;&#x62F; &#x628;&#x646; &#x62D;&#x633;&#x646; &#x628;&#x646; &#x623;&#x62D;&#x645;&#x62F;&#x60C;</subfield>
    <subfield code="d">1018-1096 &#x647;&#x62C;&#x631;&#x64A;</subfield>
    <subfield code="e">&#x645;&#x624;&#x644;&#x641;.</subfield>
  </datafield>
  <datafield tag="245" ind1="1" ind2="2">
    <subfield code="a">&#x627;&#x644;&#x641;&#x648;&#x627;&#x626;&#x62F; &#x627;&#x644;&#x633;&#x645;&#x64A;&#x629; &#x641;&#x64A; &#x634;&#x631;&#x62D; &#x627;&#x644;&#x646;&#x638;&#x645;&#x60C; &#x627;&#x644;&#x645;&#x633;&#x645;&#x649;&#x60C; &#x628;&#x627;&#x644;&#x641;&#x631;&#x627;&#x626;&#x62F; &#x627;&#x644;&#x633;&#x646;&#x64A;&#x629; &#x641;&#x64A; &#x641;&#x631;&#x648;&#x639; &#x627;&#x644;&#x641;&#x642;&#x647; &#x639;&#x644;&#x649; &#x645;&#x630;&#x647;&#x628; &#x627;&#x644;&#x625;&#x645;&#x627;&#x645; &#x623;&#x628;&#x64A; &#x62D;&#x646;&#x64A;&#x641;&#x629; &#x627;&#x644;&#x646;&#x639;&#x645;&#x627;&#x646; /</subfield>
    <subfield code="c">&#x643;&#x644;&#x627;&#x647;&#x645;&#x627; &#x644;&#x645;&#x62D;&#x645;&#x62F; &#x628;&#x646; &#x62D;&#x633;&#x646; &#x628;&#x646; &#x623;&#x62D;&#x645;&#x62F; &#x627;&#x644;&#x643;&#x648;&#x627;&#x643;&#x628;&#x64A;. &#x648;&#x64A;&#x644;&#x64A;&#x647; &#x634;&#x631;&#x62D; &#x645;&#x646;&#x638;&#x648;&#x645;&#x629; &#x627;&#x644;&#x641;&#x631;&#x627;&#x626;&#x636;&#x60C; &#x627;&#x644;&#x645;&#x633;&#x645;&#x627;&#x629;&#x60C; &#x628;&#x627;&#x644;&#x644;&#x648;&#x627;&#x645;&#x639; &#x627;&#x644;&#x636;&#x64A;&#x627;&#x626;&#x64A;&#x629; &#x628;&#x646;&#x638;&#x645; &#x627;&#x644;&#x633;&#x631;&#x627;&#x62C;&#x64A;&#x629; / &#x639;&#x628;&#x62F;&#x627;&#x644;&#x644;&#x647; &#x628;&#x646; &#x639;&#x628;&#x62F;&#x627;&#x644;&#x631;&#x62D;&#x645;&#x646; &#x627;&#x644;&#x62D;&#x646;&#x628;&#x644;&#x64A;. &#x648;&#x628;&#x647;&#x627;&#x645;&#x634;&#x647; &#x627;&#x633;&#x62A;&#x646;&#x627;&#x62F; &#x627;&#x644;&#x637;&#x627;&#x644;&#x628; &#x625;&#x644;&#x649; &#x645;&#x646;&#x638;&#x648;&#x645;&#x629; &#x627;&#x644;&#x643;&#x648;&#x627;&#x643;&#x628; &#x641;&#x64A; &#x639;&#x644;&#x645; &#x627;&#x644;&#x623;&#x635;&#x648;&#x644; / &#x644;&#x644;&#x643;&#x648;&#x627;&#x643;&#x628;&#x64A;.</subfield>
  </datafield>
  <datafield tag="246" ind1="3" ind2="3">
    <subfield code="a">&#x627;&#x644;&#x641;&#x631;&#x627;&#x626;&#x62F; &#x627;&#x644;&#x633;&#x646;&#x64A;&#x629; &#x641;&#x64A; &#x641;&#x631;&#x648;&#x639; &#x627;&#x644;&#x641;&#x642;&#x629; &#x639;&#x644;&#x649; &#x645;&#x630;&#x647;&#x628; &#x627;&#x644;&#x625;&#x645;&#x627;&#x645; &#x623;&#x628;&#x64A; &#x62D;&#x646;&#x64A;&#x641;&#x629; &#x627;&#x644;&#x646;&#x639;&#x645;&#x627;&#x646;</subfield>
  </datafield>
  <datafield tag="250" ind1=" " ind2=" ">
    <subfield code="a">&#x627;&#x644;&#x637;&#x628;&#x639;&#x629; &#x627;&#x644;&#x62B;&#x627;&#x646;&#x64A;&#x629;.</subfield>
  </datafield>
  <datafield tag="264" ind1=" " ind2="1">
    <subfield code="a">[&#x645;&#x643;&#x627;&#x646; &#x627;&#x644;&#x646;&#x634;&#x631; &#x63A;&#x64A;&#x631; &#x645;&#x62D;&#x62F;&#x62F;] :</subfield>
    <subfield code="b">[&#x627;&#x644;&#x646;&#x627;&#x634;&#x631; &#x63A;&#x64A;&#x631; &#x645;&#x62D;&#x62F;&#x62F;]&#x60C;</subfield>
    <subfield code="c">1322</subfield>
  </datafield>
  <datafield tag="264" ind1=" " ind2="3">
    <subfield code="a">&#x627;&#x644;&#x642;&#x627;&#x647;&#x631;&#x629; :</subfield>
    <subfield code="b">&#x627;&#x644;&#x645;&#x637;&#x628;&#x639;&#x629; &#x627;&#x644;&#x643;&#x628;&#x631;&#x649; &#x627;&#x644;&#x623;&#x645;&#x64A;&#x631;&#x64A;&#x629;.</subfield>
  </datafield>
  <datafield tag="300" ind1=" " ind2=" ">
    <subfield code="a">2 &#x645;&#x62C;&#x644;&#x62F; &#x61B;</subfield>
    <subfield code="c">26 &#x633;&#x645;</subfield>
  </datafield>
  <datafield tag="336" ind1=" " ind2=" ">
    <subfield code="a">&#x646;&#x635;</subfield>
    <subfield code="b">txt</subfield>
    <subfield code="2">rdacontent</subfield>
    <subfield code="3">&#x643;&#x62A;&#x627;&#x628;</subfield>
  </datafield>
  <datafield tag="337" ind1=" " ind2=" ">
    <subfield code="a">&#x628;&#x62F;&#x648;&#x646; &#x648;&#x633;&#x64A;&#x637;</subfield>
    <subfield code="b">n</subfield>
    <subfield code="2">rdamedia</subfield>
  </datafield>
  <datafield tag="338" ind1=" " ind2=" ">
    <subfield code="a">&#x645;&#x62C;&#x644;&#x62F;</subfield>
    <subfield code="b">nc</subfield>
    <subfield code="2">rdacarrier</subfield>
  </datafield>
  <datafield tag="650" ind1=" " ind2="7">
    <subfield code="a">&#x627;&#x644;&#x641;&#x642;&#x647; &#x627;&#x644;&#x62D;&#x646;&#x641;&#x64A;</subfield>
    <subfield code="2">aucsh</subfield>
  </datafield>
  <datafield tag="650" ind1=" " ind2="7">
    <subfield code="a">&#x627;&#x644;&#x641;&#x642;&#x647; &#x627;&#x644;&#x633;&#x646;&#x64A;</subfield>
    <subfield code="2">aucsh</subfield>
  </datafield>
  <datafield tag="700" ind1="1" ind2="2">
    <subfield code="a">&#x627;&#x644;&#x645;&#x64A;&#x642;&#x627;&#x62A;&#x64A;&#x60C; &#x639;&#x628;&#x62F; &#x627;&#x644;&#x644;&#x647; &#x628;&#x646; &#x639;&#x628;&#x62F; &#x627;&#x644;&#x631;&#x62D;&#x645;&#x646;&#x60C;</subfield>
    <subfield code="d">1162-1223 &#x647;&#x62C;&#x631;&#x64A;</subfield>
    <subfield code="t">&#x634;&#x631;&#x62D; &#x645;&#x646;&#x638;&#x648;&#x645;&#x629; &#x627;&#x644;&#x641;&#x631;&#x627;&#x626;&#x636;&#x60C; &#x627;&#x644;&#x645;&#x633;&#x645;&#x627;&#x629;&#x60C; &#x628;&#x627;&#x644;&#x644;&#x648;&#x627;&#x645;&#x639; &#x627;&#x644;&#x636;&#x64A;&#x627;&#x626;&#x64A;&#x629; &#x628;&#x646;&#x638;&#x645; &#x627;&#x644;&#x633;&#x631;&#x627;&#x62C;&#x64A;&#x629;.</subfield>
  </datafield>
  <datafield tag="740" ind1="2" ind2="2">
    <subfield code="a">&#x627;&#x644;&#x646;&#x638;&#x645;.</subfield>
  </datafield>
  <datafield tag="740" ind1="0" ind2="2">
    <subfield code="a">&#x634;&#x631;&#x62D; &#x645;&#x646;&#x638;&#x648;&#x645;&#x629; &#x627;&#x644;&#x641;&#x631;&#x627;&#x626;&#x636;&#x60C; &#x627;&#x644;&#x645;&#x633;&#x645;&#x627;&#x629;&#x60C; &#x628;&#x627;&#x644;&#x644;&#x648;&#x627;&#x645;&#x639; &#x627;&#x644;&#x636;&#x64A;&#x627;&#x626;&#x64A;&#x629; &#x628;&#x646;&#x638;&#x645; &#x627;&#x644;&#x633;&#x631;&#x627;&#x62C;&#x64A;&#x629;.</subfield>
  </datafield>
  <datafield tag="740" ind1="2" ind2="2">
    <subfield code="a">&#x627;&#x644;&#x644;&#x648;&#x627;&#x645;&#x639; &#x627;&#x644;&#x636;&#x64A;&#x627;&#x626;&#x64A;&#x629; &#x628;&#x646;&#x638;&#x645; &#x627;&#x644;&#x633;&#x631;&#x627;&#x62C;&#x64A;&#x629;.</subfield>
  </datafield>
  <datafield tag="740" ind1="0" ind2="2">
    <subfield code="a">&#x627;&#x633;&#x62A;&#x646;&#x627;&#x62F; &#x627;&#x644;&#x637;&#x627;&#x644;&#x628; &#x625;&#x644;&#x649; &#x645;&#x646;&#x638;&#x648;&#x645;&#x629; &#x627;&#x644;&#x643;&#x648;&#x627;&#x643;&#x628; &#x641;&#x64A; &#x639;&#x644;&#x645; &#x627;&#x644;&#x623;&#x635;&#x648;&#x644;.</subfield>
  </datafield>
  <datafield tag="740" ind1="0" ind2="2">
    <subfield code="a">&#x645;&#x646;&#x638;&#x648;&#x645;&#x629; &#x627;&#x644;&#x643;&#x648;&#x627;&#x643;&#x628;.</subfield>
  </datafield>
  <datafield tag="942" ind1=" " ind2=" ">
    <subfield code="2">ddc</subfield>
    <subfield code="c">RARE BOOK</subfield>
  </datafield>
  <datafield tag="949" ind1=" " ind2=" ">
    <subfield code="a">SA-JeALM</subfield>
    <subfield code="d">240915</subfield>
    <subfield code="u">mohamedma123</subfield>
    <subfield code="n">1</subfield>
  </datafield>
  <datafield tag="952" ind1=" " ind2=" ">
    <subfield code="0">0</subfield>
    <subfield code="1">0</subfield>
    <subfield code="2">ddc</subfield>
    <subfield code="3">&#x627;&#x644;&#x645;&#x62C;&#x644;&#x62F; &#x627;&#x644;&#x627;&#x648;&#x644;</subfield>
    <subfield code="4">0</subfield>
    <subfield code="7">0</subfield>
    <subfield code="a">WAHAB</subfield>
    <subfield code="b">WAHAB</subfield>
    <subfield code="d">2024-09-20</subfield>
    <subfield code="l">0</subfield>
    <subfield code="o">&#x646; 259.1 &#x643; &#x648; &#x627;</subfield>
    <subfield code="p">000000588</subfield>
    <subfield code="r">2024-09-20 17:53:15</subfield>
    <subfield code="w">2024-09-20</subfield>
    <subfield code="y">RARE BOOK</subfield>
  </datafield>
  <datafield tag="999" ind1=" " ind2=" ">
    <subfield code="c">345</subfield>
    <subfield code="d">345</subfield>
  </datafield>
</record>
